Rascacielos mas altos de Estados Unidos por imagen - Estadísticas

Estadísticas generales
  • Esta prueba ha sido intentada 7 veces
  • La puntuación promedio es 6 de 12
Estadísticas de respuestas
Imagen Respuesta % Correcto
Edificio Empire State - 381 m
83%
One World Trade Center - 541 m
83%
Torre Willis - 442 m
83%
432 Park Avenue - 426 m
50%
Central Park Tower - 472 m
50%
One Vanderbilt - 427 m
50%
111 West 57th Street - 435 m
33%
30 Hudson Yards - 387 m
33%
Bank of America Tower - 366 m
33%
Edificio JPMorgan Chase - 423 m
33%
St. Regis Chicago - 363 m
33%
Trump International Hotel and Tower - 423 m
33%
No se encontraron pruebas coincidentes
Distribución de puntuación
Porcentaje de gente con cada puntuación
Porcentaje por número respondido
Historial de tus puntuaciones
No has intentado esta prueba.